000 00884 a2200229 4500
003 Nust
005 20230223180202.0
010 _a 78312462
020 _a3764307293 (v. 1)
020 _a3764308117 (v. 2)
040 _cNust
082 0 0 _a510.28542,MAS
100 1 _a Mason JC
_9109538
245 1 0 _aBasic numerical mathematics /
_cby J. C Mason
260 _a : England
_b ButterWorthys
_c1977-1979.
300 _a 143 P. :
_bill. ;
_c25 cm.
440 0 _aInternational series of numerical mathematics ;
_vv. 14, 22
_9109539
505 _aIntroduction to Basic (Page-1),Introduction to Numerical Mathematics (Page-14),Elementary Mathematic Calculation (Page-37),Nonlinear Algebra Equations (Page-60),Interpolation, Differentiation and Integration (Page-94).
650 0 _aNumerical analysis
_xData processing.
_972
650 0 _aNumerical analysis.
_9103
942 _2ddc
_cBK
999 _c181645
_d181645